| 000 | 01099nam a22002657a 4500 | ||
|---|---|---|---|
| 999 |
_c13309 _d13309 |
||
| 003 | MIRAKIL | ||
| 005 | 20190614141842.0 | ||
| 008 | 190614b tu ||||| |||| 00| 0 tur d | ||
| 020 | _a9754582254 | ||
| 040 |
_aTR-AnCHP _cTR-AnCHP |
||
| 041 | _atur | ||
| 082 |
_a575.10724 _bH6g 2001 |
||
| 100 | _aHo, Mae-Wan | ||
| 245 |
_aGenetik mühendisliği rüya mı kabus mu? : _bcesur yeni dünya: kötü bilimin büyük sermayeyle ittifakı / _cMae-Wan Ho ; çeviren Emral Çakmak |
||
| 246 | _acesur yeni dünya: kötü bilimin büyük sermayeyle ittifakı / | ||
| 260 |
_aİstanbul : _bTürkiye İş Bankası Kültür yayınları, _c2001. |
||
| 300 |
_a300 s.: _c23 sm. |
||
| 490 | 0 |
_aTürkiye İş Bankası Kültür Yayınları; _aBilim dizisi; _vGenel yayın: 473. _v13. |
|
| 500 | _aYapıtın özgün adı :Genetic engineering: dream or nightmare? | ||
| 504 | _aKaynakça vardır. | ||
| 650 | 0 |
_95808 _aGenetik Mühendisliği _xDeneysel araştırmalar |
|
| 700 |
_95809 _aÇakmak, Emral _eçev. |
||
| 740 | _acesur yeni dünya: kötü bilimin büyük sermayeyle ittifakı / | ||
| 942 |
_2ddc _cBKS |
||